Hybrid pseudo-direct numerical simulation of high Rayleigh number flows up to 10{11}; Journal of Thermal Analysis and Calorimetry; Vol. 147
| Parent link: | Journal of Thermal Analysis and Calorimetry Vol. 147.— 2021.— [10 p.] |
|---|---|
| 1. Verfasser: | |
| Körperschaft: | |
| Weitere Verfasser: | |
| Zusammenfassung: | Title screen This paper examines the capability of hybrid lattice Boltzmann method to simulate developed turbulent buoyancy-driven flows in closed rectangular cavities. The two-relaxation time mesoscopic lattice Boltzmann method is used as a fluid dynamics solver, whereas the thermal behavior is described in terms of the macroscopic energy equation. Numerical simulation is performed for air-filled square and tall cavities in a range of the Rayleigh number 109≤Ra≤1011109≤Ra≤1011. An in-house numerical code is developed in this study and successfully validated against up-to-date numerical and experimental data of other researches. It is found that the proposed hybrid approach accurately predicts the location of thermal plumes at the isothermal walls despite an insignificant error in the heat transfer rate with the Ra≥3•1010Ra≥3•1010. Режим доступа: по договору с организацией-держателем ресурса |
| Sprache: | Englisch |
| Veröffentlicht: |
2021
|
| Schlagworte: | |
| Online-Zugang: | https://doi.org/10.1007/s10973-021-11073-x |
| Format: | MixedMaterials Elektronisch Buchkapitel |
| KOHA link: | https://koha.lib.tpu.ru/cgi-bin/koha/opac-detail.pl?biblionumber=667919 |
MARC
| LEADER | 00000naa0a2200000 4500 | ||
|---|---|---|---|
| 001 | 667919 | ||
| 005 | 20250331105046.0 | ||
| 035 | |a (RuTPU)RU\TPU\network\39130 | ||
| 035 | |a RU\TPU\network\36105 | ||
| 090 | |a 667919 | ||
| 100 | |a 20220516d2021 k||y0rusy50 ba | ||
| 101 | 0 | |a eng | |
| 135 | |a drcn ---uucaa | ||
| 181 | 0 | |a i | |
| 182 | 0 | |a b | |
| 200 | 1 | |a Hybrid pseudo-direct numerical simulation of high Rayleigh number flows up to 10{11} |f A. E. Nee, A. J. Chamkha | |
| 203 | |a Text |c electronic | ||
| 300 | |a Title screen | ||
| 320 | |a [References: 27 tit.] | ||
| 330 | |a This paper examines the capability of hybrid lattice Boltzmann method to simulate developed turbulent buoyancy-driven flows in closed rectangular cavities. The two-relaxation time mesoscopic lattice Boltzmann method is used as a fluid dynamics solver, whereas the thermal behavior is described in terms of the macroscopic energy equation. Numerical simulation is performed for air-filled square and tall cavities in a range of the Rayleigh number 109≤Ra≤1011109≤Ra≤1011. An in-house numerical code is developed in this study and successfully validated against up-to-date numerical and experimental data of other researches. It is found that the proposed hybrid approach accurately predicts the location of thermal plumes at the isothermal walls despite an insignificant error in the heat transfer rate with the Ra≥3•1010Ra≥3•1010. | ||
| 333 | |a Режим доступа: по договору с организацией-держателем ресурса | ||
| 461 | 1 | |t Journal of Thermal Analysis and Calorimetry | |
| 463 | 1 | |t Vol. 147 |v [10 p.] |d 2021 | |
| 610 | 1 | |a электронный ресурс | |
| 610 | 1 | |a труды учёных ТПУ | |
| 610 | 1 | |a turbulent natural convection | |
| 610 | 1 | |a hybrid lattice Boltzmann | |
| 610 | 1 | |a two-relaxation time | |
| 610 | 1 | |a direct numerical simulation | |
| 610 | 1 | |a естественная конвекция | |
| 610 | 1 | |a численное моделирование | |
| 610 | 1 | |a теплообмен | |
| 610 | 1 | |a метод Больцмана | |
| 700 | 1 | |a Nee |b A. E. |c specialist in the field of thermal engineering |c Associate Professor of Tomsk Polytechnic University, Candidate of Sciences |f 1990- |g Aleksandr Eduardovich |3 (RuTPU)RU\TPU\pers\35708 |9 18868 | |
| 701 | 1 | |a Chamkha |b A. J. |g Ali | |
| 712 | 0 | 2 | |a Национальный исследовательский Томский политехнический университет |b Инженерная школа энергетики |b Научно-образовательный центр И. Н. Бутакова (НОЦ И. Н. Бутакова) |3 (RuTPU)RU\TPU\col\23504 |
| 801 | 0 | |a RU |b 63413507 |c 20221223 |g RCR | |
| 856 | 4 | |u https://doi.org/10.1007/s10973-021-11073-x | |
| 942 | |c CF | ||